La Liga Torschützen 2024/2025 - Statistiken

Allgemein
  • Dieses Quiz wurde 108 mal gespielt
  • Das Durchschnittsergebnis liegt bei 5 aus 10
Antwortstatistiken
Tore Verein Spieler % Korrekt
31 Real Madrid Kylian Mbappé
100%
27 FC Barcelona Robert Lewandowski
95%
18 FC Barcelona Raphinha
68%
17 Atlético Madrid Julián Alvarez
67%
20 Atlético Madrid Alexander Sørloth
59%
21 CA Osasuna Ante Budimir
41%
15 Athletic Bilbao Oihan Sancet
20%
19 FC Villarreal Ayoze Pérez
11%
13 Deportivo Alavés Kike García
7%
12 Espanyol Barcelona Javier Puado
6%
Keine übereinstimmenden Quizze gefunden
Verteilung der Resultate
Anzahl Personen mit jedem Resultat
Perzentil nach korrekt beantworteten Fragen
Ihre Resultats-Entwicklung
Sie haben dieses Quiz noch nicht gespielt